[Event "Euskadi-chTA"]
[Site "Bergara"]
[Date "2013.02.09"]
[Round "1.3"]
[White "Argandona Riveiro, Inigo"]
[Black "Limeres Guiance, Cristobal"]
[Result "0-1"]
[WhiteElo "2415"]
[BlackElo "2202"]
[PlyCount "112"]
[EventDate "2013.01.12"]
[EventType "team-tourn"]
[EventRounds "9"]
[EventCountry "ESP"]
[SourceTitle "EXT 2014"]
[Source "ChessBase"]
[SourceDate "2013.11.20"]
[SourceVersion "1"]
[SourceVersionDate "2013.11.20"]
[SourceQuality "1"]

1. c4 b6 2. Nf3 Bb7 3. g3 e5 4. Bg2 g6 5. 0-0 Bg7 6. Nc3 Ne7 7. e3 0-0 8. d4 d6 9. e4 Nd7 10. Be3 c5 11. d5 a6 12. Qd2 Bc8 13. a4 Kh8 14. Ne1 Nf6 15. h3 Bd7 16. Nd3 Nfg8 17. f4 f6 18. g4 exf4 19. Bxf4 Qc7 20. Rae1 g5 21. Bg3 Ng6 22. Rf2 h6 23. Ref1 N8e7 24. b3 Kg8 25. Nd1 b5 26. axb5 axb5 27. b4 cxb4 28. c5 Ne5 29. Bxe5 fxe5 30. c6 Be8 31. Qxb4 Ra5 32. Ne3 Rxf2 33. Nxf2 Ng6 34. Rb1 Nf4 35. Bf1 Qa7 36. Ned1 Bf8 37. Rc1 Qc7 38. Ne3 Bg6 39. Nf5 Ra2 40. Qb3 Qa7 41. Ne7+ Bxe7 42. Qxa2 Qe3 43. Qa8+ Kf7 44. Rc2 Bxe4 45. Bg2 Bxg2 46. c7 Bxd5 47. Qxd5+ Nxd5 48. c8Q Qg3+ 49. Kh1 Ne3 50. Qc6 Nxc2 51. Qxc2 Qf3+ 52. Kg1 b4 53. Ne4 d5 54. Nf2 e4 55. Qc6 e3 56. Nd3 Qd1+ 0-1

[Event "Basque-chT"]
[Site "Bergara"]
[Date "2012.02.04"]
[Round "4"]
[White "Sadusea, Johnny Fernando"]
[Black "Limeres Guiance, Cristobal"]
[Result "0-1"]
[WhiteElo "2113"]
[BlackElo "2209"]
[PlyCount "78"]
[EventDate "2012.01.14"]
[EventType "team"]
[EventRounds "9"]
[EventCountry "ESP"]
[SourceTitle "EXT 2013"]
[Source "ChessBase"]
[SourceDate "2012.11.22"]
[SourceVersion "1"]
[SourceVersionDate "2012.11.22"]
[SourceQuality "1"]
[WhiteTeam "Conteneo Bilbao Haitzak"]
[BlackTeam "Ruta de Europa"]
[WhiteTeamCountry "ESP"]
[BlackTeamCountry "ESP"]

1. e4 e6 2. d4 d5 3. Nc3 Bb4 4. e5 Ne7 5. a3 Bxc3+ 6. bxc3 b6 7. Qg4 Nf5 8. Bd3 h5 9. Qe2 c5 10. dxc5 bxc5 11. Bxf5 exf5 12. Qb5+ Nd7 13. Nf3 0-0 14. 0-0 Qb6 15. Qd3 Ba6 16. Qxf5 Bxf1 17. Ng5 Qg6 18. Qxd7 Bc4 19. Be3 Rfd8 20. Qh3 d4 21. cxd4 cxd4 22. Bf4 d3 23. cxd3 Rxd3 24. Be3 Rad8 25. Qf3 f6 26. exf6 gxf6 27. Nh3 Qg4 28. Kh1 Rd1+ 29. Rxd1 Rxd1+ 30. Ng1 Qxf3 31. gxf3 h4 32. h3 a5 33. Kg2 Rd3 34. Bc5 Rc3 35. Bd6 Bd5 36. Be7 Kf7 37. Bd6 Bb7 38. Kf1 Bxf3 39. Nxf3 Rxf3 0-1

[Event "Basque-chT"]
[Site "Bergara"]
[Date "2012.01.21"]
[Round "2"]
[White "Romero Holmes, Alfonso"]
[Black "Limeres Guiance, Cristobal"]
[Result "1-0"]
[WhiteElo "2501"]
[BlackElo "2209"]
[PlyCount "69"]
[EventDate "2012.01.14"]
[EventType "team"]
[EventRounds "9"]
[EventCountry "ESP"]
[SourceTitle "EXT 2013"]
[Source "ChessBase"]
[SourceDate "2012.11.22"]
[SourceVersion "1"]
[SourceVersionDate "2012.11.22"]
[SourceQuality "1"]
[WhiteTeam "Sestao"]
[BlackTeam "Ruta de Europa"]
[WhiteTeamCountry "ESP"]
[BlackTeamCountry "ESP"]

1. d4 e6 2. e4 d5 3. e5 c5 4. Nf3 Qb6 5. Bd3 Nc6 6. dxc5 Bxc5 7. 0-0 Nge7 8. Nc3 Ng6 9. Na4 Qa5 10. Nxc5 Qxc5 11. Qe2 Bd7 12. c3 f6 13. Be3 Qe7 14. exf6 Qxf6 15. Bd4 Nf4 16. Qe3 Nxd4 17. cxd4 a6 18. Rfe1 0-0 19. Ne5 Be8 20. g3 Qg5 21. Kh1 Nh3 22. f4 Qh5 23. Kg2 g5 24. Be2 gxf4 25. Bxh5 fxe3 26. Bxe8 Raxe8 27. Kxh3 Rf2 28. Ng4 Rff8 29. Rxe3 h5 30. Ne5 Rf2 31. Nd3 Rd2 32. Rae1 Kf7 33. R1e2 Rd1 34. Nf4 Rxd4 35. Nxe6 1-0

[Event "Euskadi-ch"]
[Site "Zornotza"]
[Date "2011.04.28"]
[Round "7"]
[White "Huerga Leache, Mikel"]
[Black "Limeres Guiance, Cristobal"]
[Result "1-0"]
[WhiteElo "2440"]
[BlackElo "2255"]
[PlyCount "55"]
[EventDate "2011.04.23"]
[EventType "swiss"]
[EventRounds "7"]
[EventCountry "ESP"]
[SourceTitle "EXT 2018"]
[Source "ChessBase"]
[SourceDate "2017.10.13"]
[SourceVersion "1"]
[SourceVersionDate "2017.10.13"]
[SourceQuality "1"]

1. Nf3 Nf6 2. c4 e6 3. g3 d5 4. d4 Bb4+ 5. Bd2 a5 6. Qc2 dxc4 7. Qxc4 Qd5 8. Qxc7 Nc6 9. Nc3 Bxc3 10. Bxc3 Nb4 11. Bxb4 axb4 12. Bg2 0-0 13. 0-0 Rd8 14. Ne5 Qxd4 15. Qxf7+ Kh8 16. Qc7 Rf8 17. Rad1 Qxb2 18. Rd8 Bd7 19. Rxf8+ Rxf8 20. Nxd7 Nxd7 21. Qxd7 Qxa2 22. Qe7 Rb8 23. Qd6 Qa7 24. Qxb4 b5 25. Be4 Qc7 26. Bd3 Qe5 27. Qh4 h6 28. Rb1 1-0

[Event "Euskadi-ch"]
[Site "Zornotza"]
[Date "2011.04.27"]
[Round "6"]
[White "Limeres Guiance, Cristobal"]
[Black "Argandona Riveiro, Inigo"]
[Result "1/2-1/2"]
[WhiteElo "2255"]
[BlackElo "2389"]
[PlyCount "50"]
[EventDate "2011.04.23"]
[EventType "swiss"]
[EventRounds "7"]
[EventCountry "ESP"]
[SourceTitle "EXT 2018"]
[Source "ChessBase"]
[SourceDate "2017.10.13"]
[SourceVersion "1"]
[SourceVersionDate "2017.10.13"]
[SourceQuality "1"]

1. d4 d5 2. c4 e6 3. Nc3 c6 4. cxd5 exd5 5. Bf4 Bf5 6. e3 Qb6 7. Qd2 Nd7 8. Nge2 Ngf6 9. Ng3 Bg6 10. Be2 Be7 11. 0-0 h5 12. Bd3 h4 13. Nf5 Bxf5 14. Bxf5 Rh5 15. Bxd7+ Nxd7 16. h3 Nf6 17. f3 Rf5 18. Bh2 Kf8 19. Rfe1 Rd8 20. Rad1 Kg8 21. Kh1 Nh5 22. Qc2 Rg5 23. e4 Bd6 24. e5 Be7 25. f4 Ng3+ 1/2-1/2

[Event "Euskadi-ch"]
[Site "Zornotza"]
[Date "2011.04.24"]
[Round "2"]
[White "Limeres Guiance, Cristobal"]
[Black "Diez Fraile, David"]
[Result "1-0"]
[WhiteElo "2255"]
[BlackElo "2165"]
[PlyCount "77"]
[EventDate "2011.04.23"]
[EventType "swiss"]
[EventRounds "7"]
[EventCountry "ESP"]
[SourceTitle "EXT 2018"]
[Source "ChessBase"]
[SourceDate "2017.10.13"]
[SourceVersion "1"]
[SourceVersionDate "2017.10.13"]
[SourceQuality "1"]

1. d4 Nf6 2. c4 g6 3. Nc3 Bg7 4. e4 d6 5. Nge2 e5 6. d5 Na6 7. Qc2 h5 8. f3 c6 9. Be3 cxd5 10. cxd5 0-0 11. Nc1 Bd7 12. Be2 h4 13. 0-0 Nh5 14. Nd3 Kh7 15. Qd2 Rg8 16. f4 exf4 17. Nxf4 Nxf4 18. Rxf4 f5 19. exf5 Bxf5 20. Bxa6 bxa6 21. Qf2 Re8 22. Bd4 Qe7 23. Rxh4+ Kg8 24. Bxg7 Kxg7 25. Qd4+ Qe5 26. Rd1 Qxd4+ 27. Rhxd4 Rab8 28. R1d2 Re7 29. Rc4 Rbb7 30. Rc6 Rb6 31. g4 Bd7 32. Rc7 Rf7 33. Rxa7 Bb5 34. Rxf7+ Kxf7 35. Ne4 Ke7 36. Kf2 a5 37. Ke3 a4 38. h4 Bd7 39. h5 1-0

[Event "Euskadi-chT (Vasca) Div Honor"]
[Site "Bergara"]
[Date "2011.03.05"]
[Round "9.2"]
[White "Tornay Gomez, Josu"]
[Black "Limeres Guiance, Cristobal"]
[Result "0-1"]
[WhiteElo "2114"]
[BlackElo "2264"]
[PlyCount "110"]
[EventDate "2011.01.08"]
[EventType "team-tourn"]
[EventRounds "9"]
[EventCountry "ESP"]
[SourceTitle "EXT 2024"]
[Source "ChessBase"]
[SourceDate "2023.10.10"]
[SourceVersion "1"]
[SourceVersionDate "2023.10.10"]
[SourceQuality "1"]

1. Nf3 b5 2. e4 Bb7 3. Bxb5 Bxe4 4. Nc3 Bb7 5. d4 Nf6 6. 0-0 e6 7. Bg5 Be7 8. Re1 0-0 9. Qe2 d5 10. Rad1 c6 11. Bd3 Nbd7 12. Ne5 c5 13. Nxd7 Qxd7 14. dxc5 h6 15. Bh4 Qc7 16. b4 Qf4 17. Bg3 Qxb4 18. Rb1 Qxc3 19. Rxb7 Qxc5 20. Reb1 Rfd8 21. Rc7 Qa3 22. Rbb7 Qc1+ 23. Qf1 Qxf1+ 24. Kxf1 Bf8 25. Rxf7 a5 26. a4 Ne8 27. Bh7+ Kxh7 28. Rxf8 Rdc8 29. Be5 Kg6 30. c3 Nf6 31. Rff7 Kf5 32. f4 h5 33. Ke2 Ke4 34. h3 d4 35. Bxd4 Nd5 36. Kd2 Rc4 37. Rxg7 Rxa4 38. Kc2 Nxf4 39. Rg5 Ra2+ 40. Rb2 Rxb2+ 41. Kxb2 Nd3+ 42. Kc2 e5 43. Rg3 Ne1+ 44. Kd2 exd4 45. Kxe1 a4 46. cxd4 a3 47. Kf2 a2 48. Re3+ Kxd4 49. Re1 a1Q 50. Rxa1 Rxa1 51. Kg3 Ke4 52. Kh4 Ra5 53. g4 hxg4 54. Kxg4 Ke5 55. Kg5 Ke6+ 0-1

[Event "Euskadi-chT"]
[Site "Bergara"]
[Date "2010.01.16"]
[Round "2.2"]
[White "Limeres Guiance, Cristobal"]
[Black "Carasa Del Portillo, Mikel"]
[Result "1-0"]
[WhiteElo "2250"]
[BlackElo "2043"]
[PlyCount "63"]
[EventDate "2010.01.09"]
[EventType "team-tourn"]
[EventRounds "9"]
[EventCountry "ESP"]
[SourceTitle "EXT 2011"]
[Source "ChessBase"]
[SourceDate "2010.11.26"]
[SourceVersion "1"]
[SourceVersionDate "2010.11.26"]
[SourceQuality "1"]

1. g3 c5 2. Bg2 g6 3. c3 Bg7 4. d4 cxd4 5. cxd4 d5 6. Nc3 Nf6 7. Qb3 e6 8. Nf3 Nc6 9. 0-0 0-0 10. Rd1 b6 11. Bf4 Nh5 12. Bg5 Qd6 13. Nb5 Qb4 14. Qxb4 Nxb4 15. Be7 Nc6 16. Bxf8 Kxf8 17. Rac1 Bd7 18. Nc3 Nf6 19. e3 Ke7 20. Bf1 Ne8 21. Bb5 Na5 22. b3 Nd6 23. Bxd7 Kxd7 24. Ne5+ Bxe5 25. dxe5 Nf5 26. e4 Ne7 27. exd5 exd5 28. Nxd5 Nxd5 29. Rxd5+ Ke6 30. Rdd1 Kxe5 31. Rc7 Ke6 32. b4 1-0

[Event "Erandio op 18th"]
[Site "Erandio"]
[Date "2009.12.26"]
[Round "9"]
[White "Berbatov, Kiprian"]
[Black "Limeres Guiance, Cristobal"]
[Result "1-0"]
[WhiteElo "2463"]
[BlackElo "2250"]
[PlyCount "139"]
[EventDate "2009.12.19"]
[EventType "swiss"]
[EventRounds "9"]
[EventCountry "ESP"]
[SourceTitle "CBM 133 Extra"]
[Source "ChessBase"]
[SourceDate "2010.01.05"]
[SourceVersion "1"]
[SourceVersionDate "2010.01.05"]
[SourceQuality "1"]

1. e4 b6 2. d4 Bb7 3. Bd3 g6 4. Nf3 Bg7 5. 0-0 d6 6. c3 Nd7 7. Bg5 f6 8. Bh4 e5 9. Qe2 Nh6 10. Bc4 Qe7 11. Ba6 Bxa6 12. Qxa6 Nf7 13. Qb7 Qd8 14. Na3 Qc8 15. Qc6 a6 16. dxe5 fxe5 17. Nc4 0-0 18. Ne3 Ra7 19. Nd5 Kh8 20. a4 Nc5 21. b4 Ne6 22. Ne7 Qe8 23. a5 b5 24. Qxe8 Rxe8 25. Nc6 Rb7 26. Rfd1 Ned8 27. Nxd8 Nxd8 28. Rd5 Ne6 29. Rad1 Kg8 30. Kf1 Rbb8 31. Ne1 Bh6 32. f3 Be3 33. Nc2 Ba7 34. Bf2 Bxf2 35. Kxf2 Rf8 36. Ne3 Rf7 37. R5d2 Ng5 38. Ke2 Ne6 39. h4 h5 40. g3 Rbf8 41. Rf1 Rd8 42. Nd5 c6 43. Nb6 Nc7 44. f4 exf4 45. gxf4 d5 46. Kd1 Rff8 47. f5 Kh8 48. exd5 Nxd5 49. Nxd5 Rxd5 50. Rxd5 cxd5 51. Rg1 Rf6 52. fxg6 Kg7 53. Rg5 d4 54. Rxh5 Rf4 55. Kc2 dxc3 56. Kxc3 Rc4+ 57. Kb3 Rg4 58. Rh7+ Kxg6 59. Ra7 Rg3+ 60. Kc2 Kf5 61. Rxa6 Ke4 62. Rd6 Rg4 63. h5 Ke5 64. Rd8 Rxb4 65. h6 Rc4+ 66. Kb3 Rc7 67. a6 Kf6 68. Kb4 Rh7 69. Kxb5 Ke7 70. a7 1-0

[Event "Erandio op 18th"]
[Site "Erandio"]
[Date "2009.12.24"]
[Round "7"]
[White "Prieto Aranguren, Alain"]
[Black "Limeres Guiance, Cristobal"]
[Result "1-0"]
[WhiteElo "2129"]
[BlackElo "2250"]
[PlyCount "63"]
[EventDate "2009.12.19"]
[EventType "swiss"]
[EventRounds "9"]
[EventCountry "ESP"]
[SourceTitle "CBM 133 Extra"]
[Source "ChessBase"]
[SourceDate "2010.01.05"]
[SourceVersion "1"]
[SourceVersionDate "2010.01.05"]
[SourceQuality "1"]

1. d4 f5 2. Bg5 Nf6 3. Bxf6 exf6 4. e3 d5 5. Bd3 Bd6 6. Qf3 g6 7. h4 Be6 8. h5 Ke7 9. Ne2 c6 10. Nbc3 Nd7 11. 0-0-0 b5 12. Nf4 Bf7 13. hxg6 hxg6 14. g4 g5 15. Nfe2 b4 16. Nb1 fxg4 17. Qxg4 Nb6 18. Ng3 Bxg3 19. fxg3 Qd7 20. Qf3 g4 21. Qf2 Qd6 22. Nd2 Rh3 23. Rxh3 gxh3 24. e4 Rg8 25. e5 fxe5 26. dxe5 Qh6 27. Rf1 Be6 28. Qc5+ Ke8 29. Rf6 Qg5 30. Rxe6+ Kf7 31. Rf6+ Kg7 32. Qe7+ 1-0

[Event "Euskadi-ch"]
[Site "Zornotza"]
[Date "2009.04.15"]
[Round "3"]
[White "Diez Fraile, David"]
[Black "Limeres Guiance, Cristobal"]
[Result "1/2-1/2"]
[WhiteElo "2184"]
[BlackElo "2309"]
[PlyCount "105"]
[EventDate "2009.04.13"]
[EventType "swiss"]
[EventRounds "7"]
[EventCountry "ESP"]
[SourceTitle "EXT 2010"]
[Source "ChessBase"]
[SourceDate "2010.11.25"]
[SourceVersion "1"]
[SourceVersionDate "2010.11.25"]
[SourceQuality "1"]

1. e4 e6 2. d4 d5 3. e5 b6 4. c3 Qd7 5. a4 a5 6. Nf3 Ba6 7. Bxa6 Nxa6 8. 0-0 Ne7 9. Na3 Ng6 10. Nc2 Be7 11. Bg5 f6 12. Be3 f5 13. Bg5 0-0 14. Qe2 Bxg5 15. Nxg5 h6 16. Nf3 c5 17. c4 Qb7 18. Na3 cxd4 19. Nxd4 Nc5 20. Rad1 dxc4 21. Nxc4 Nf4 22. Qf3 Qxf3 23. Nxf3 Nxa4 24. Ra1 b5 25. Nd6 Nxb2 26. Rfb1 Nfd3 27. Nxb5 Nc4 28. Nc7 Ra7 29. Nxe6 Re8 30. Ned4 a4 31. Nb5 Ra5 32. Nd6 Nxd6 33. exd6 Rd8 34. Rd1 Nb2 35. Rd4 a3 36. Ra2 Kf7 37. g3 Ke6 38. Rb4 Rxd6 39. Nd4+ Kf6 40. Nc2 Nd3 41. Rb3 f4 42. Raxa3 Rxa3 43. Rxa3 f3 44. Kf1 Ne5 45. Ke1 g5 46. h3 h5 47. Rc3 Nd3+ 48. Kf1 Ne5 49. Ke1 g4 50. hxg4 hxg4 51. Ne3 Ke6 52. Nxg4 Nxg4 53. Rxf3 1/2-1/2

[Event "Euskadi-ch"]
[Site "Zornotza"]
[Date "2009.04.13"]
[Round "1"]
[White "Padilla Cabero, Pablo"]
[Black "Limeres Guiance, Cristobal"]
[Result "0-1"]
[WhiteElo "2168"]
[BlackElo "2309"]
[PlyCount "140"]
[EventDate "2009.04.13"]
[EventType "swiss"]
[EventRounds "7"]
[EventCountry "ESP"]
[SourceTitle "EXT 2010"]
[Source "ChessBase"]
[SourceDate "2010.11.25"]
[SourceVersion "1"]
[SourceVersionDate "2010.11.25"]
[SourceQuality "1"]

1. e4 d5 2. d3 dxe4 3. dxe4 Qxd1+ 4. Kxd1 Nc6 5. c3 Nf6 6. f3 Bd7 7. Be3 0-0-0 8. Nd2 e6 9. Nh3 Be7 10. Be2 Kb8 11. Kc2 Bc8 12. Rad1 b6 13. Nb3 h6 14. Nf2 Bb7 15. Nd4 Ne5 16. Rd2 c5 17. Nb3 Ng6 18. Rhd1 Kc7 19. Rxd8 Rxd8 20. Rxd8 Kxd8 21. Nd2 Bd6 22. g3 Nd7 23. f4 e5 24. Nh3 Nf6 25. Bf3 Bc7 26. f5 Ne7 27. g4 Nh7 28. Nf2 Ng5 29. Bg2 f6 30. h4 Nf7 31. Bf3 Ke8 32. Nh3 g5 33. hxg5 hxg5 34. Nf1 Nc8 35. Ng3 Ncd6 36. Nf2 Bd8 37. Be2 Be7 38. b3 Nd8 39. Bd3 Nc6 40. Nd1 Na5 41. Nb2 Bc6 42. Kd1 Nab7 43. Nc4 b5 44. Nb2 Bd8 45. Ke2 Ba5 46. Bd2 a6 47. Nd1 c4 48. Bc2 cxb3 49. axb3 Bb6 50. Ne3 Bxe3 51. Bxe3 a5 52. Kd3 Ke7 53. Kd2 a4 54. bxa4 Nc4+ 55. Kd3 Nb2+ 56. Ke2 bxa4 57. Bc1 Nc4 58. Nf1 Nba5 59. Ne3 Kd6 60. Nxc4+ Nxc4 61. Bd3 Kc5 62. Kd1 Bb5 63. Kc2 Nb6 64. Ba3+ Kc6 65. Bxb5+ Kxb5 66. Bc1 Nd7 67. Kd3 Nc5+ 68. Ke3 Kc4 69. Ba3 Nd7 70. Bb2 Kb3 0-1

[Event "Erandio op 17th"]
[Site "Erandio"]
[Date "2008.12.27"]
[Round "9"]
[White "Limeres Guiance, Cristobal"]
[Black "Nava Pereda, Carlos"]
[Result "1/2-1/2"]
[WhiteElo "2297"]
[BlackElo "2281"]
[PlyCount "55"]
[EventDate "2008.12.20"]
[EventType "swiss"]
[EventRounds "9"]
[EventCountry "ESP"]
[SourceTitle "EXT 2024"]
[Source "ChessBase"]
[SourceDate "2023.10.10"]
[SourceVersion "1"]
[SourceVersionDate "2023.10.10"]
[SourceQuality "1"]

1. d4 Nf6 2. c4 g6 3. g3 Bg7 4. Bg2 d5 5. cxd5 Nxd5 6. e4 Nb4 7. Ne2 0-0 8. 0-0 a5 9. Nbc3 c6 10. a3 N4a6 11. Be3 Nd7 12. Qc2 Nb6 13. Rad1 Nc4 14. Bc1 Bd7 15. b3 Nd6 16. Be3 Rc8 17. Qb1 b5 18. e5 Nf5 19. Bf4 b4 20. axb4 Nxb4 21. d5 cxd5 22. Nxd5 Nxd5 23. Bxd5 e6 24. Be4 Qe7 25. g4 Nh4 26. Qd3 Bc6 27. Nc3 g5 28. Bg3 1/2-1/2

[Event "Erandio op 17th"]
[Site "Erandio"]
[Date "2008.12.22"]
[Round "5"]
[White "Limeres Guiance, Cristobal"]
[Black "Rodriguez Gonzalez, Alex"]
[Result "1-0"]
[WhiteElo "2297"]
[BlackElo "2041"]
[PlyCount "109"]
[EventDate "2008.12.20"]
[EventType "swiss"]
[EventRounds "9"]
[EventCountry "ESP"]
[SourceTitle "EXT 2024"]
[Source "ChessBase"]
[SourceDate "2023.10.10"]
[SourceVersion "1"]
[SourceVersionDate "2023.10.10"]
[SourceQuality "1"]

1. d4 Nf6 2. c4 c5 3. d5 b5 4. cxb5 a6 5. b6 d6 6. Nc3 Nbd7 7. e4 g6 8. a4 Qxb6 9. a5 Qa7 10. f4 Bg7 11. Bc4 Rb8 12. Nf3 Rb4 13. Qe2 0-0 14. 0-0 Ne8 15. Kh1 Nc7 16. Ra2 Bb7 17. Bd2 Ba8 18. Na4 Rbb8 19. Bc3 Nb5 20. Bxg7 Kxg7 21. Nc3 Nd4 22. Qd3 Rb4 23. Nxd4 cxd4 24. Ne2 Rc8 25. b3 Nf6 26. Nxd4 e6 27. Nc2 exd5 28. exd5 Rbb8 29. Ne3 Re8 30. Re2 Re4 31. Qc3 Qd4 32. Qxd4 Rxd4 33. Nc2 Re4 34. Rxe4 Nxe4 35. Kg1 Nd2 36. Rd1 Ne4 37. Rd4 f5 38. b4 Rc8 39. Ne3 Bb7 40. g4 Kf6 41. Kg2 Nc3 42. gxf5 gxf5 43. Kf3 Re8 44. Bd3 h5 45. h4 Rg8 46. Bxf5 Rg3+ 47. Kxg3 Ne2+ 48. Kf2 Nxd4 49. Bd3 Nb3 50. Be4 Nc1 51. Nf5 Bxd5 52. Nxd6 Bxe4 53. Nxe4+ Kf5 54. Nc5 Kxf4 55. b5 1-0

[Event "Mondragon Arrasate Hiria op 7th"]
[Site "Mondragon"]
[Date "2007.10.07"]
[Round "4"]
[White "Limeres Guiance, Cristobal"]
[Black "Prieto Aranguren, Alain"]
[Result "0-1"]
[WhiteElo "2292"]
[BlackElo "2161"]
[PlyCount "75"]
[EventDate "2007.09.16"]
[EventType "swiss"]
[EventRounds "6"]
[EventCountry "ESP"]
[SourceTitle "EXT 2009"]
[Source "ChessBase"]
[SourceDate "2008.11.26"]
[SourceVersion "1"]
[SourceVersionDate "2008.11.26"]
[SourceQuality "1"]

1. d4 Nf6 2. c4 g6 3. Nc3 Bg7 4. e4 0-0 5. Nf3 d6 6. Be2 e5 7. d5 a5 8. Bg5 h6 9. Bh4 Na6 10. 0-0 Qe8 11. Nd2 Nh7 12. Rc1 Bd7 13. Kh1 f5 14. exf5 gxf5 15. Bh5 Qc8 16. Be7 Re8 17. Bxe8 Qxe8 18. Bh4 e4 19. Qe2 Nc5 20. Nb3 Nd3 21. Rcd1 Qg6 22. f4 a4 23. Nc1 Nc5 24. Bf2 Nf6 25. Bd4 Kh7 26. b4 axb3 27. axb3 Ng4 28. Bxg7 Qxg7 29. N3a2 e3 30. h3 Ne4 31. Kg1 Ngf2 32. Qxe3 Nxd1 33. Rxd1 Rg8 34. Qf3 Be8 35. Kh2 Bh5 36. g4 Qb2+ 37. Qg2 Qxg2+ 38. Kxg2 0-1